Economía y sociedad en Costa Rica: 1978-1986
Guardado en:
| Autor principal: | |
|---|---|
| Autor Corporativo: | |
| Formato: | Texto |
| Publicado: |
San José:
UCR. IIS
|
| Etiquetas: |
Agregar Etiqueta
Sin Etiquetas, Sea el primero en etiquetar este registro!
|
MARC
| LEADER | 00000 a a2200000 04500 | ||
|---|---|---|---|
| 001 | 21720 | ||
| 003 | |||
| 040 | |a CRAI/IIS |c CRAI/IIS | ||
| 090 | |a 097100 | ||
| 100 | |a Reuben Soto, Sergio | ||
| 110 | |a Universidad de Costa Rica. Facultad de Ciencias Sociales. Instituto de Investigaciones Sociales | ||
| 245 | |a Economía y sociedad en Costa Rica: 1978-1986 | ||
| 260 | |a San José: |b UCR. IIS | ||
| 300 | |a 108 p. | ||
| 999 | |c 6343 |d 6343 | ||
